Normal view
MARC view
Entry Topical Term
001 - CONTROL NUMBER
- control field: 32249
003 - CONTROL NUMBER IDENTIFIER
- control field: ARRUPE
005 - DATE AND TIME OF LATEST TRANSACTION
- control field: 20170607123136.0
008 - FIXED-LENGTH DATA ELEMENTS
- fixed length control field: 170607|| aca||aabn | a|a d
040 ## - CATALOGING SOURCE
- Original cataloging agency: ARRUPE
- Transcribing agency: ARRUPE
150 ## - HEADING--TOPICAL TERM
- Topical term or geographic name as entry element: Ghana
- General subdivision: History
- Chronological subdivision: 1957
670 ## - SOURCE DATA FOUND
- Source citation: Work cat.: (ARRUPE)63066: Daily Graphic 32248, Jubilee Ghana, 2006